Cockpit Resource Management : (Record no. 33860)

000 -LEADER
fixed length control field 01066pam a2200301 a 4500
001 - CONTROL NUMBER
control field 1615095
003 - CONTROL NUMBER IDENTIFIER
control field OSt
005 - DATE AND TIME OF LATEST TRANSACTION
control field 20211110125905.0
008 - FIXED-LENGTH DATA ELEMENTS--GENERAL INFORMATION
fixed length control field 950405s1995 nyuab b 001 0 eng
010 ## - LIBRARY OF CONGRESS CONTROL NUMBER
LC control number 95015924
020 ## - INTERNATIONAL STANDARD BOOK NUMBER
International Standard Book Number 0070656045 (pbk.)
038 ## - RECORD CONTENT LICENSOR
Staff Name khadija
040 ## - CATALOGING SOURCE
Original cataloging agency DLC
Transcribing agency DLC
Modifying agency DLC
050 00 - LIBRARY OF CONGRESS CALL NUMBER
Classification number TL553.6
Item number .T87 1995
082 00 - DEWEY DECIMAL CLASSIFICATION NUMBER
Classification number 629.132521
Edition number 20
Author Mark TUR
100 1# - MAIN ENTRY--PERSONAL NAME
Personal name Turner, Thomas P.
9 (RLIN) 83785
245 10 - TITLE STATEMENT
Title Cockpit Resource Management :
Remainder of title The Private Pilot's Guide /
Statement of responsibility, etc. Thomas P. Turner.
260 ## - PUBLICATION, DISTRIBUTION, ETC.
Place of publication, distribution, etc. New York :
Name of publisher, distributor, etc. Tab Books,
Date of publication, distribution, etc. c1995.
300 ## - PHYSICAL DESCRIPTION
Extent xii, 219 p. :
Other physical details ill., map ;
Dimensions 25 cm.
440 #0 - SERIES STATEMENT/ADDED ENTRY--TITLE
Title Tab practical flying series
9 (RLIN) 83786
504 ## - BIBLIOGRAPHY, ETC. NOTE
Bibliography, etc. note Includes bibliographical references (p. 213-215) and index.
563 ## - BINDING INFORMATION
Binding note PB
650 #0 - SUBJECT ADDED ENTRY--TOPICAL TERM
Topical term or geographic name entry element Airplanes
General subdivision Piloting
-- Human factors.
9 (RLIN) 83787
650 #0 - SUBJECT ADDED ENTRY--TOPICAL TERM
Topical term or geographic name entry element Private flying.
9 (RLIN) 83788
906 ## - LOCAL DATA ELEMENT F, LDF (RLIN)
a 7
b cbc
c orignew
d 1
e ocip
f 19
g y-gencatlg
942 ## - ADDED ENTRY ELEMENTS (KOHA)
Source of classification or shelving scheme
Koha item type Book
Holdings
Withdrawn status Lost status Source of classification or shelving scheme Damaged status Not for loan Permanent Location Current Location Shelving location Date acquired Full call number Barcode Date last seen Price effective from Koha item type
          School of Mechanical & Manufacturing Engineering (SMME) School of Mechanical & Manufacturing Engineering (SMME) General Stacks 05/18/2016 629.132521 TUR SMME-3055 03/29/2018 05/18/2016 Book
© 2023 Central Library, National University of Sciences and Technology. All Rights Reserved.